Lada Vladimirovna SILINA Nastroenija sovetskogo studen?estva, 1945-1964 [L’état d’esprit des étudiants soviétiques, 1945-1964] Moscou : Russkij Mir, 2004, 233p. (notice n° 1604352)
[ vue normale ]
| 000 -LEADER | |
|---|---|
| fixed length control field | 00611cam a2200145 4500500 |
| 005 - DATE AND TIME OF LATEST TRANSACTION | |
| control field | 20251228093425.0 |
| 041 ## - LANGUAGE CODE | |
| Language code of text/sound track or separate title | fre |
| 042 ## - AUTHENTICATION CODE | |
| Authentication code | dc |
| 100 10 - MAIN ENTRY--PERSONAL NAME | |
| Personal name | Ostromoukhov, Bella |
| Relator term | author |
| 245 00 - TITLE STATEMENT | |
| Title | Lada Vladimirovna SILINA Nastroenija sovetskogo studen?estva, 1945-1964 [L’état d’esprit des étudiants soviétiques, 1945-1964] Moscou : Russkij Mir, 2004, 233p. |
| 260 ## - PUBLICATION, DISTRIBUTION, ETC. | |
| Date of publication, distribution, etc. | 2005.<br/> |
| 500 ## - GENERAL NOTE | |
| General note | 37 |
| 786 0# - DATA SOURCE ENTRY | |
| Note | Cahiers du monde russe | Vol 46 | 4 | 2005-11-01 | p. 859z-990z | 1252-6576 |
| 856 41 - ELECTRONIC LOCATION AND ACCESS | |
| Uniform Resource Identifier | <a href="https://shs.cairn.info/revue-cahiers-du-monde-russe-2005-4-page-859z?lang=fr&redirect-ssocas=7080">https://shs.cairn.info/revue-cahiers-du-monde-russe-2005-4-page-859z?lang=fr&redirect-ssocas=7080</a> |
Pas d'exemplaire disponible.




Réseaux sociaux